[Event "Roskilde Domkirketurnering Mester 1995"]
[Site "Roskilde"]
[Date "1995.10.26"]
[Round "1"]
[White "Nielsen, Jorgen Lovgren"]
[Black "Asmund, Gert"]
[Result "0-1"]
[WhiteElo "2111"]
[BlackElo "2045"]
[PlyCount "36"]
[EventDate "1995.??.??"]

1. e4 e5 2. Nf3 Nc6 3. Bb5 a6 4. Ba4 Nf6 5. O-O Nxe4 6. Re1 d5 7. Nxe5 Bd6 8.
Nxc6 Bxh2+ 9. Kf1 Qh4 10. Qf3 O-O 11. Nd4 Bg4 12. Rxe4 dxe4 13. Qxe4 Bd6 14.
Nf3 Qh1+ 15. Ke2 Qxg2 16. d4 b5 17. Be3 Rae8 18. Qc6 Bf4 0-1

[Event "Roskilde Domkirketurnering Mester 1995"]
[Site "Roskilde"]
[Date "1995.10.26"]
[Round "1"]
[White "Lynge, Michael"]
[Black "Brekka, Hanus"]
[Result "1-0"]
[WhiteElo "2123"]
[BlackElo "1944"]
[PlyCount "66"]
[EventDate "1995.??.??"]

1. d4 d5 2. c4 e6 3. Nc3 Nf6 4. Nf3 Be7 5. Bg5 O-O 6. e3 Ne4 7. Bxe7 Qxe7 8.
cxd5 Nxc3 9. bxc3 exd5 10. Qc2 c5 11. Bd3 h6 12. dxc5 Qxc5 13. h3 Nc6 14. O-O
Be6 15. Rac1 Rac8 16. Qd2 Na5 17. Bb1 Nc4 18. Qd3 g6 19. Nd4 Qe7 20. Qd1 Qf6
21. Re1 Nd6 22. Qb3 a6 23. Qb4 Rfd8 24. Red1 Rd7 25. a4 Rc4 26. Qb3 Rc5 27. Bd3
Rdc7 28. Qb1 Bd7 29. Qb4 Be8 30. Ne2 Nc4 31. Nf4 Qc6 32. Be2 Qxa4 33. Nxd5 Rc8
1-0

[Event "Roskilde Domkirketurnering Mester 1995"]
[Site "Roskilde"]
[Date "1995.10.26"]
[Round "1"]
[White "Molvig, Henrik"]
[Black "Petersen, Peter Birk"]
[Result "1/2-1/2"]
[WhiteElo "2135"]
[BlackElo "2212"]
[PlyCount "36"]
[EventDate "1995.??.??"]

1. d4 Nf6 2. c4 e6 3. Nf3 b6 4. g3 Bb7 5. Bg2 Be7 6. O-O O-O 7. d5 exd5 8. Nh4
c6 9. cxd5 Nxd5 10. Nf5 Nc7 11. Nc3 d5 12. e4 Nba6 13. Bf4 Nc5 14. Qg4 N5e6 15.
Bxc7 Qxc7 16. exd5 h5 17. Nh6+ Kh7 18. Qe4+ Kxh6 1/2-1/2

[Event "Roskilde Domkirketurnering Mester 1995"]
[Site "Roskilde"]
[Date "1995.11.02"]
[Round "2"]
[White "Brekka, Hanus"]
[Black "Nielsen, Jorgen Lovgren"]
[Result "0-1"]
[WhiteElo "1944"]
[BlackElo "2111"]
[PlyCount "66"]
[EventDate "1995.??.??"]

1. Nc3 e5 2. Nf3 Nc6 3. e4 Nf6 4. Bc4 Nxe4 5. Nxe4 d5 6. Bxd5 Qxd5 7. Nc3 Qd8
8. h3 Be7 9. d3 Bf5 10. Be3 Qd7 11. a3 O-O-O 12. Nd2 Be6 13. Nde4 Nd4 14. Ng5
Qc6 15. Rg1 Bxg5 16. Bxg5 Rd7 17. Be3 Rhd8 18. Bxd4 exd4 19. Ne2 Bd5 20. f3 Re8
21. Kf2 Qh6 22. Ng3 Qh4 23. Re1 Rde7 24. Re4 Bxe4 25. dxe4 Re6 26. Qxd4 Rg6 27.
Qxa7 Qxg3+ 28. Ke3 Ra6 29. Qc5 Qxg2 30. Rd1 Qxh3 31. Rd3 Rf6 32. Qa7 Qxf3+ 33.
Kd2 Qf2+ 0-1

[Event "Roskilde Domkirketurnering Mester 1995"]
[Site "Roskilde"]
[Date "1995.11.02"]
[Round "2"]
[White "Brinck Claussen, Bjorn"]
[Black "Molvig, Henrik"]
[Result "1/2-1/2"]
[WhiteElo "2385"]
[BlackElo "2135"]
[PlyCount "47"]
[EventDate "1995.??.??"]

1. e4 c5 2. Nf3 d6 3. d4 cxd4 4. Nxd4 Nf6 5. Nc3 a6 6. Bc4 e6 7. a3 Be7 8. O-O
O-O 9. Ba2 b5 10. Re1 Qc7 11. Qf3 Nc6 12. Nxc6 Qxc6 13. Qg3 a5 14. Bh6 Ne8 15.
Bb3 Kh8 16. Bg5 Nf6 17. Qh4 Bb7 18. a4 b4 19. Nb5 Rfe8 20. Rad1 Nxe4 21. Bxe7
Nf6 22. Qh3 Rxe7 23. Nxd6 Ba6 24. Nf5 1/2-1/2

[Event "Roskilde Domkirketurnering Mester 1995"]
[Site "Roskilde"]
[Date "1995.11.02"]
[Round "2"]
[White "Petersen, Peter Birk"]
[Black "Lynge, Michael"]
[Result "1-0"]
[WhiteElo "2212"]
[BlackElo "2123"]
[PlyCount "95"]
[EventDate "1995.??.??"]

1. e4 e6 2. d3 d5 3. Nd2 c5 4. g3 Bd6 5. Bg2 Ne7 6. f4 Nbc6 7. Ngf3 f5 8. O-O
O-O 9. Qe2 Bd7 10. c3 h6 11. exd5 exd5 12. Ne5 Bxe5 13. fxe5 Be6 14. Nf3 d4 15.
Bd2 Qd7 16. c4 Rae8 17. a3 a5 18. Rab1 Ng6 19. b4 axb4 20. axb4 f4 21. bxc5
fxg3 22. hxg3 Bg4 23. Qe4 Ngxe5 24. Nxe5 Rxf1+ 25. Rxf1 Rxe5 26. Qg6 Bf5 27.
Qd6 Qe8 28. Bd5+ Kh7 29. Rxf5 Rxf5 30. Be4 g6 31. Bxf5 gxf5 32. Qxh6+ Kg8 33.
Qg5+ Kh8 34. Qxf5 Qe2 35. Bf4 Qe1+ 36. Kg2 Qe2+ 37. Kh3 Qe1 38. Qc8+ Kg7 39.
Qxb7+ Ne7 40. Qe4 Qf1+ 41. Kg4 Qd1+ 42. Kg5 Kf7 43. Bd6 Kg8 44. Qe6+ Kh7 45.
Qxe7+ Kg8 46. Qe8+ Kh7 47. Qf7+ Kh8 48. Be5# 1-0

[Event "Roskilde Domkirketurnering Mester 1995"]
[Site "Roskilde"]
[Date "1995.11.02"]
[Round "2"]
[White "Petersen, Steen Brustrup"]
[Black "Pedersen, Jan Nordenbaek"]
[Result "0-1"]
[WhiteElo "2063"]
[BlackElo "2218"]
[PlyCount "58"]
[EventDate "1995.??.??"]

1. d4 Nf6 2. c4 g6 3. Nc3 Bg7 4. e4 d6 5. Be2 O-O 6. Nf3 e5 7. O-O Nc6 8. d5
Ne7 9. Ne1 Nd7 10. f3 f5 11. Be3 f4 12. Bf2 g5 13. a4 Rf6 14. a5 Rh6 15. Nb5 a6
16. Na7 Rxa7 17. Bxa7 Qe8 18. g4 fxg3 19. hxg3 Qh5 20. Ng2 Qh2+ 21. Kf2 Rh3 22.
Rg1 Nf6 23. Qe1 Rxg3 24. Kf1 Bh3 25. Qf2 Ng6 26. Ke1 Rxg2 27. Rxg2 Bxg2 28. Kd2
Nh4 29. b4 g4 0-1

[Event "Roskilde Domkirketurnering Mester 1995"]
[Site "Roskilde"]
[Date "1995.11.09"]
[Round "3"]
[White "Asmund, Gert"]
[Black "Pedersen, Jan Nordenbaek"]
[Result "0-1"]
[WhiteElo "2045"]
[BlackElo "2218"]
[PlyCount "78"]
[EventDate "1995.??.??"]

1. e4 c5 2. f4 d5 3. exd5 Qxd5 4. Nc3 Qd8 5. Nf3 e6 6. Be2 Nf6 7. O-O Be7 8. d3
Nc6 9. Qe1 O-O 10. Qg3 Qc7 11. Ne5 Nd4 12. Bd1 b5 13. Ne4 Bb7 14. c3 Nf5 15.
Qe1 Nxe4 16. dxe4 Nd6 17. Bc2 f5 18. exf5 exf5 19. Qe2 Rae8 20. a4 a6 21. axb5
axb5 22. Be3 Bf6 23. Bf2 Nc4 24. Bg3 Nxe5 25. fxe5 Bxe5 26. Bxe5 Rxe5 27. Qxb5
c4 28. Qb4 Re2 29. Rf2 Rxf2 30. Kxf2 Qc6 31. Rg1 Rd8 32. Bxf5 Rf8 33. g4 Qf3+
34. Ke1 Re8+ 35. Kd2 Re2+ 36. Kc1 Qe3+ 37. Kb1 Qxg1+ 38. Ka2 Qa7+ 39. Kb1 Re1+
0-1

[Event "Roskilde Domkirketurnering Mester 1995"]
[Site "Roskilde"]
[Date "1995.11.09"]
[Round "3"]
[White "Brekka, Hanus"]
[Black "Petersen, Steen Brustrup"]
[Result "1-0"]
[WhiteElo "1944"]
[BlackElo "2063"]
[PlyCount "97"]
[EventDate "1995.??.??"]

1. d4 Nf6 2. c4 e6 3. Nf3 b6 4. g3 Ba6 5. Qa4 c5 6. Bg2 Bb7 7. O-O Bc6 8. Qb3
d6 9. Nc3 cxd4 10. Nxd4 Bxg2 11. Kxg2 Be7 12. Bg5 O-O 13. Rfd1 Nfd7 14. Bxe7
Qxe7 15. Ndb5 Nc5 16. Qc2 Rd8 17. b4 Nb7 18. Qe4 Na6 19. a3 Rd7 20. Ra2 Qd8 21.
Rad2 Nc7 22. Nxc7 Qxc7 23. Nb5 Qd8 24. Nxd6 Nxd6 25. Rxd6 Rxd6 26. Rxd6 Qc8 27.
Qc6 Kf8 28. Kf3 Ke7 29. Ke3 Qxc6 30. Rxc6 Kd7 31. b5 f6 32. Kd4 Rb8 33. a4 a6
34. c5 axb5 35. axb5 bxc5+ 36. Kxc5 e5 37. Kb4 e4 38. e3 f5 39. Rc2 g6 40. Ka5
h5 41. Ka6 Ra8+ 42. Kb7 Ra3 43. b6 g5 44. Kb8 f4 45. gxf4 gxf4 46. exf4 Rf3 47.
b7 Ra3 48. Rc7+ Kd8 49. Rc4 1-0

[Event "Roskilde Domkirketurnering Mester 1995"]
[Site "Roskilde"]
[Date "1995.11.09"]
[Round "3"]
[White "Nielsen, Jorgen Lovgren"]
[Black "Brinck Claussen, Bjorn"]
[Result "1/2-1/2"]
[WhiteElo "2111"]
[BlackElo "2385"]
[PlyCount "41"]
[EventDate "1995.??.??"]

1. e4 e6 2. d4 d5 3. Nd2 c5 4. Ngf3 Nc6 5. exd5 exd5 6. Bb5 Bd6 7. O-O cxd4 8.
Nb3 Nge7 9. Nbxd4 O-O 10. Bg5 Qb6 11. Rb1 Bg4 12. Be2 a6 13. Nb3 Qc7 14. h3 Bh5
15. c3 Rad8 16. Nfd4 Bg6 17. Bd3 Bxd3 18. Qxd3 Ne5 19. Qc2 h6 20. Bxe7 Bxe7 21.
Nf5 1/2-1/2

[Event "Roskilde Domkirketurnering Mester 1995"]
[Site "Roskilde"]
[Date "1995.11.09"]
[Round "3"]
[White "Molvig, Henrik"]
[Black "Lynge, Michael"]
[Result "1/2-1/2"]
[WhiteElo "2135"]
[BlackElo "2123"]
[PlyCount "31"]
[EventDate "1995.??.??"]

1. d4 d5 2. c4 dxc4 3. Nf3 a6 4. e3 Nf6 5. Bxc4 e6 6. O-O c5 7. Nc3 b5 8. Bb3
Bb7 9. Qe2 Nbd7 10. Rd1 Qc7 11. a3 Bd6 12. h3 O-O 13. e4 cxd4 14. Nxd4 Nc5 15.
Bc2 h6 16. Nb3 1/2-1/2

[Event "Roskilde Domkirketurnering Mester 1995"]
[Site "Roskilde"]
[Date "1995.11.09"]
[Round "3"]
[White "Petersen, Peter Birk"]
[Black "Andersen, Stig"]
[Result "1-0"]
[WhiteElo "2212"]
[BlackElo "2005"]
[PlyCount "75"]
[EventDate "1995.??.??"]

1. e4 c6 2. d3 d5 3. Nd2 e5 4. Ngf3 Bd6 5. g3 Nf6 6. Bg2 O-O 7. O-O Re8 8. c3
a5 9. a4 Bg4 10. h3 Bh5 11. Qb3 Na6 12. Re1 dxe4 13. dxe4 Nc5 14. Qc2 Bc7 15.
Re3 Bg6 16. Nh4 Nh5 17. Rf3 Nf4 18. gxf4 Qxh4 19. f5 Bh5 20. Rg3 Rad8 21. b4
axb4 22. cxb4 Na6 23. Ba3 Bb6 24. Nf1 Rd4 25. b5 cxb5 26. axb5 Nb4 27. Qc1 Nd3
28. Qg5 Qxg5 29. Rxg5 Nf4 30. Ng3 Bf3 31. f6 Bxg2 32. Rxg7+ Kh8 33. Rxf7 Bxh3
34. Rxb7 Bd8 35. f7 Rg8 36. fxg8=Q+ Kxg8 37. Bb2 Rd2 38. Bxe5 1-0

[Event "Roskilde Domkirketurnering Mester 1995"]
[Site "Roskilde"]
[Date "1995.11.16"]
[Round "4"]
[White "Brinck Claussen, Bjorn"]
[Black "Brekka, Hanus"]
[Result "1-0"]
[WhiteElo "2385"]
[BlackElo "1944"]
[PlyCount "121"]
[EventDate "1995.??.??"]

1. e4 e6 2. d4 d5 3. Nd2 dxe4 4. Nxe4 Nf6 5. Nxf6+ Qxf6 6. Nf3 h6 7. Bd3 Bd6 8.
O-O O-O 9. Qe2 Nc6 10. Qe4 Re8 11. c4 Qf5 12. Qxf5 exf5 13. Bd2 Rd8 14. Rad1 g5
15. Bc3 Bb4 16. Bxb4 Nxb4 17. Bb1 Nc6 18. d5 Ne7 19. Nd4 Bd7 20. f4 g4 21. Rfe1
Re8 22. Kf2 Kg7 23. Re5 Kf6 24. Rde1 Ng6 25. Rxe8 Bxe8 26. g3 Bd7 27. h4 h5 28.
Re3 c6 29. Rb3 c5 30. Nb5 Bxb5 31. Rxb5 b6 32. b4 Rc8 33. a4 cxb4 34. Rxb4 Rc5
35. Ke3 Ne7 36. Kd4 Nc8 37. Rb5 Rc7 38. c5 bxc5+ 39. Rxc5 Rb7 40. Rc1 Ke7 41.
Rxc8 Rxb1 42. Rc7+ Kd6 43. Rc6+ Ke7 44. Ke5 Re1+ 45. Kxf5 Re3 46. Kg5 Rxg3 47.
Kxh5 Rg1 48. Kg5 g3 49. Rc3 g2 50. Rc2 Rd1 51. Rxg2 Rxd5+ 52. f5 Kf8 53. h5 Kg7
54. h6+ Kh7 55. Kf6 Ra5 56. Rg4 Rc5 57. Rf4 Kg8 58. h7+ Kxh7 59. Kxf7 Rc7+ 60.
Ke6 Kg7 61. Rd4 1-0

[Event "Roskilde Domkirketurnering Mester 1995"]
[Site "Roskilde"]
[Date "1995.11.16"]
[Round "4"]
[White "Nielsen, Jorgen Lovgren"]
[Black "Molvig, Henrik"]
[Result "1/2-1/2"]
[WhiteElo "2111"]
[BlackElo "2135"]
[PlyCount "36"]
[EventDate "1995.??.??"]

1. e4 e5 2. Nf3 d6 3. d4 exd4 4. Nxd4 g6 5. Nc3 Bg7 6. Be2 Nf6 7. Bg5 h6 8. Bf4
O-O 9. Qd2 Kh7 10. f3 Nc6 11. Nb3 a6 12. O-O-O Be6 13. g4 Nd7 14. Nd5 Bxd5 15.
exd5 Nce5 16. Be3 b5 17. Nd4 Nb6 18. Nc6 Qe8 1/2-1/2

[Event "Roskilde Domkirketurnering Mester 1995"]
[Site "Roskilde"]
[Date "1995.11.16"]
[Round "4"]
[White "Lynge, Michael"]
[Black "Andersen, Stig"]
[Result "1/2-1/2"]
[WhiteElo "2123"]
[BlackElo "2005"]
[PlyCount "28"]
[EventDate "1995.??.??"]

1. d4 f5 2. Bg5 g6 3. Nc3 Bg7 4. h4 d6 5. e3 h6 6. Bf4 Nd7 7. f3 e5 8. dxe5
dxe5 9. Bg3 Ngf6 10. Bd3 Qe7 11. Qd2 Nc5 12. O-O-O Bd7 13. Bc4 O-O-O 14. Qe2
Bc6 1/2-1/2

[Event "Roskilde Domkirketurnering Mester 1995"]
[Site "Roskilde"]
[Date "1995.11.16"]
[Round "4"]
[White "Pedersen, Jan Nordenbaek"]
[Black "Petersen, Peter Birk"]
[Result "1/2-1/2"]
[WhiteElo "2218"]
[BlackElo "2212"]
[PlyCount "35"]
[EventDate "1995.??.??"]

1. e4 c5 2. Nf3 e6 3. d4 cxd4 4. Nxd4 Nc6 5. Nc3 Qc7 6. Be2 a6 7. O-O Nf6 8.
Be3 Be7 9. f4 d6 10. Qe1 O-O 11. Qg3 Bd7 12. Rad1 Nxd4 13. Bxd4 Bc6 14. Bd3
Rad8 15. Kh1 b5 16. a3 Qb7 17. Rf2 g6 18. f5 1/2-1/2

[Event "Roskilde Domkirketurnering Mester 1995"]
[Site "Roskilde"]
[Date "1995.11.16"]
[Round "4"]
[White "Petersen, Steen Brustrup"]
[Black "Asmund, Gert"]
[Result "1-0"]
[WhiteElo "2063"]
[BlackElo "2045"]
[PlyCount "80"]
[EventDate "1995.??.??"]

1. e4 e5 2. Bc4 d6 3. d4 exd4 4. Ne2 Nf6 5. Bg5 Be7 6. f3 O-O 7. Nxd4 d5 8.
exd5 Nxd5 9. Bxe7 Qxe7+ 10. Qe2 Ne3 11. g3 c5 12. Ne6 Nxc2+ 13. Qxc2 Bxe6 14.
O-O Bh3 15. Rd1 Nc6 16. Nc3 Nd4 17. Qf2 Qf6 18. Bd5 Rab8 19. g4 h5 20. Qg3 hxg4
21. fxg4 Nc2 22. Qxh3 Nxa1 23. Be4 g6 24. Rxa1 b5 25. Qg2 Rfe8 26. Rd1 Qe5 27.
Qf2 Kg7 28. Bg2 Rbd8 29. Nd5 Re6 30. b3 Qe2 31. Bf3 Qxf2+ 32. Kxf2 c4 33. Nc7
Rxd1 34. Nxe6+ fxe6 35. Bxd1 Kf6 36. h4 Ke5 37. Kf3 a5 38. bxc4 bxc4 39. Bc2
Kf6 40. g5+ Kf7 1-0

[Event "Roskilde Domkirketurnering Mester 1995"]
[Site "Roskilde"]
[Date "1995.11.23"]
[Round "5"]
[White "Andersen, Stig"]
[Black "Pedersen, Jan Nordenbaek"]
[Result "1/2-1/2"]
[WhiteElo "2005"]
[BlackElo "2218"]
[PlyCount "33"]
[EventDate "1995.??.??"]

1. e4 c5 2. Nc3 Nc6 3. g3 g6 4. Bg2 Bg7 5. d3 d6 6. f4 e6 7. Nf3 Nge7 8. O-O
O-O 9. Be3 Nd4 10. e5 Nef5 11. Bf2 Nxf3+ 12. Qxf3 Nd4 13. Qd1 dxe5 14. fxe5
Bxe5 15. Ne4 f5 16. Nxc5 Qd6 17. b4 1/2-1/2

[Event "Roskilde Domkirketurnering Mester 1995"]
[Site "Roskilde"]
[Date "1995.11.23"]
[Round "5"]
[White "Brekka, Hanus"]
[Black "Asmund, Gert"]
[Result "1-0"]
[WhiteElo "1944"]
[BlackElo "2045"]
[PlyCount "93"]
[EventDate "1995.??.??"]

1. Nc3 Nc6 2. e4 e5 3. Nf3 d6 4. h3 f5 5. Bb5 Nf6 6. Qe2 Be7 7. d4 O-O 8. Bxc6
bxc6 9. dxe5 Nxe4 10. Qc4+ Kh8 11. Qxc6 Rb8 12. Qc4 Nxc3 13. bxc3 Bb7 14. Nd4
dxe5 15. Ne6 Bd5 16. Nxd8 Bxc4 17. Nc6 Rbe8 18. Nxe7 Rxe7 19. Ba3 Ree8 20. Bxf8
Rxf8 21. a4 Rb8 22. Kd2 Kg8 23. Rhd1 Kf7 24. Rab1 Rc8 25. f3 Ke6 26. Ke3 a5 27.
Rb7 f4+ 28. Kf2 g5 29. Ra7 h5 30. Rxa5 c5 31. g4 h4 32. Ra7 Rb8 33. a5 Rb2 34.
Rad7 Rxc2+ 35. R1d2 e4 36. Re7+ Kxe7 37. Rxc2 e3+ 38. Kg2 Kd6 39. Rb2 Kd5 40.
Rb6 Bd3 41. a6 Bxa6 42. Rxa6 Kc4 43. Kf1 Kxc3 44. Ke2 c4 45. Ra5 Kd4 46. Rxg5
c3 47. Rg8 1-0

[Event "Roskilde Domkirketurnering Mester 1995"]
[Site "Roskilde"]
[Date "1995.11.30"]
[Round "6"]
[White "Andersen, Stig"]
[Black "Brekka, Hanus"]
[Result "1/2-1/2"]
[WhiteElo "2005"]
[BlackElo "1944"]
[PlyCount "50"]
[EventDate "1995.??.??"]

1. e4 e6 2. d4 d5 3. Nc3 dxe4 4. Nxe4 Nf6 5. Nxf6+ Qxf6 6. Nf3 h6 7. Bd3 Bd6 8.
O-O Nd7 9. b3 O-O 10. Qe2 Re8 11. Bb2 Qe7 12. Rad1 Nf6 13. c4 b6 14. Ne5 Bb7
15. f4 c5 16. dxc5 Bxc5+ 17. Kh1 Qc7 18. Qe1 Bf8 19. Qg3 Rad8 20. Nf3 Ne4 21.
Qe1 f5 22. Be5 Qf7 23. Be2 Rd7 24. Qh4 Rxd1 25. Rxd1 Be7 1/2-1/2

[Event "Roskilde Domkirketurnering Mester 1995"]
[Site "Roskilde"]
[Date "1995.11.30"]
[Round "6"]
[White "Asmund, Gert"]
[Black "Brinck Claussen, Bjorn"]
[Result "0-1"]
[WhiteElo "2045"]
[BlackElo "2385"]
[PlyCount "54"]
[EventDate "1995.??.??"]

1. e4 e6 2. d4 d5 3. exd5 exd5 4. c4 Nf6 5. Nc3 Be7 6. Be3 O-O 7. Nf3 c6 8. c5
b6 9. b4 Ne4 10. Nxe4 dxe4 11. Ne5 Be6 12. Bc4 Bd5 13. Qb3 b5 14. Bxd5 cxd5 15.
f3 f6 16. fxe4 fxe5 17. dxe5 Nc6 18. exd5 Nxe5 19. d6+ Nc4 20. O-O-O Bg5 21.
Bxg5 Qxg5+ 22. Kb1 Rf2 23. d7 Qf6 24. Rhe1 Rb2+ 25. Kc1 Qf4+ 26. Qe3 Nxe3 27.
d8=Q+ Rxd8 0-1

[Event "Roskilde Domkirketurnering Mester 1995"]
[Site "Roskilde"]
[Date "1995.11.30"]
[Round "6"]
[White "Molvig, Henrik"]
[Black "Pedersen, Jan Nordenbaek"]
[Result "1-0"]
[WhiteElo "2135"]
[BlackElo "2218"]
[PlyCount "81"]
[EventDate "1995.??.??"]

1. d4 Nf6 2. Nf3 g6 3. c4 Bg7 4. Nc3 O-O 5. e4 d6 6. Be2 e5 7. O-O Nc6 8. d5
Ne7 9. Ne1 Nd7 10. Nd3 f5 11. exf5 Nxf5 12. f3 Nf6 13. Nf2 Nd4 14. Bg5 h6 15.
Be3 Nh5 16. Nfe4 Nf4 17. Re1 a6 18. Bf1 g5 19. Ne2 Nfxe2+ 20. Bxe2 c5 21. dxc6
bxc6 22. c5 d5 23. Nd6 Nf5 24. Nxf5 Bxf5 25. Bd3 Bxd3 26. Qxd3 Qa5 27. Bf2 Rab8
28. Re2 Qb5 29. Qc2 Rbe8 30. Bg3 d4 31. a4 Qa5 32. Rae1 d3 33. Qxd3 Qxc5+ 34.
Kh1 a5 35. Qg6 e4 36. Bd6 Qf5 37. Qxf5 Rxf5 38. fxe4 Rf7 39. e5 Rd7 40. g3 Kf7
41. e6+ 1-0

[Event "Roskilde Domkirketurnering Mester 1995"]
[Site "Roskilde"]
[Date "1995.11.30"]
[Round "6"]
[White "Petersen, Peter Birk"]
[Black "Nielsen, Jorgen Lovgren"]
[Result "1/2-1/2"]
[WhiteElo "2212"]
[BlackElo "2111"]
[PlyCount "72"]
[EventDate "1995.??.??"]

1. e4 e5 2. Nf3 Nc6 3. Bb5 Nf6 4. d3 d6 5. c3 Be7 6. O-O Bg4 7. Nbd2 O-O 8. Re1
Nd7 9. h3 Bh5 10. Nf1 a6 11. Bxc6 bxc6 12. Ng3 Bg6 13. d4 exd4 14. Nxd4 Nb8 15.
Qb3 Qc8 16. f4 Bh4 17. Ndf5 Bf6 18. Be3 Nd7 19. Bd4 Re8 20. Nxg7 Bxg7 21. f5
Be5 22. fxg6 hxg6 23. Rf1 Re6 24. Ne2 Rb8 25. Qc2 Qb7 26. b4 c5 27. bxc5 Bxd4+
28. Nxd4 Qxe4 29. Qxe4 Rxe4 30. cxd6 cxd6 31. Rab1 Rxb1 32. Rxb1 Re3 33. Rb3
Nc5 34. Ra3 Kg7 35. Nc2 Rd3 36. Nb4 Rd1+ 1/2-1/2

[Event "Roskilde Domkirketurnering Mester 1995"]
[Site "Roskilde"]
[Date "1995.11.30"]
[Round "6"]
[White "Petersen, Steen Brustrup"]
[Black "Lynge, Michael"]
[Result "0-1"]
[WhiteElo "2063"]
[BlackElo "2123"]
[PlyCount "84"]
[EventDate "1995.??.??"]

1. e4 e6 2. d4 d5 3. Nc3 Nf6 4. Bg5 Bb4 5. e5 h6 6. Bd2 Bxc3 7. bxc3 Ne4 8. Bd3
Nxd2 9. Qxd2 c5 10. Nf3 O-O 11. O-O b6 12. Qe3 cxd4 13. cxd4 Ba6 14. Rfd1 Bxd3
15. Rxd3 Nc6 16. c3 Na5 17. Nd2 Qd7 18. a4 Rac8 19. Qf4 f5 20. exf6 Rxf6 21.
Qe5 Nc4 22. Nxc4 Rxc4 23. a5 Ra4 24. Qe1 Rxa5 25. Rxa5 bxa5 26. Qc1 Qb5 27. Rd2
Rf8 28. f3 Rc8 29. Qa3 a4 30. Rb2 Qd3 31. Kf2 Qxc3 32. Qxc3 Rxc3 33. Rb8+ Kh7
34. Rb7 Rd3 35. Rxa7 Rxd4 36. Ke3 Rb4 37. Re7 a3 38. Ra7 Rb2 39. g4 a2 40. h4
Kg6 41. f4 Kf6 42. Kd4 Rg2 0-1

[Event "Roskilde Domkirketurnering Mester 1995"]
[Site "Roskilde"]
[Date "1995.12.07"]
[Round "7"]
[White "Asmund, Gert"]
[Black "Lynge, Michael"]
[Result "0-1"]
[WhiteElo "2045"]
[BlackElo "2123"]
[PlyCount "138"]
[EventDate "1995.??.??"]

1. e4 e6 2. f4 d5 3. exd5 exd5 4. Nf3 Bd6 5. d4 Qf6 6. Bd3 Bg4 7. c3 Bxf4 8.
Bxf4 Qxf4 9. O-O Ne7 10. Qe1 Be6 11. Nbd2 O-O 12. Ne5 Qh6 13. Qe2 Nbc6 14. Ndf3
Nxe5 15. Nxe5 Rae8 16. Rae1 Ng6 17. Nxg6 hxg6 18. Qf3 c6 19. Qg3 Bc8 20. h3
Rxe1 21. Qxe1 Qg5 22. Rf3 f5 23. c4 Qf6 24. Qe5 Qxe5 25. dxe5 Be6 26. c5 g5 27.
Rf1 f4 28. Kf2 Bf5 29. Ke2 Bxd3+ 30. Kxd3 Kf7 31. Kd4 Ke6 32. Rf3 Rf5 33. Rb3
Rxe5 34. Rxb7 Re2 35. Rc7 Rxb2 36. Rxc6+ Kd7 37. Rd6+ Kc7 38. Rxd5 Rxg2 39. Rf5
Kc6 40. Rf7 Rxa2 41. Rxg7 Rd2+ 42. Kc4 Rc2+ 43. Kd4 Rxc5 44. Rxa7 Rb5 45. Rg7
Kd6 46. Ke4 Ke6 47. h4 Rb4+ 48. Kf3 Rb3+ 49. Kf2 gxh4 50. Rg4 Kf5 51. Rxh4 Ke4
52. Rh8 Rb2+ 53. Kf1 Kf3 54. Rh3+ Kg4 55. Rh8 Kg3 56. Rg8+ Kf3 57. Ke1 Rb1+ 58.
Kd2 Kf2 59. Rf8 f3 60. Rf7 Rb2+ 61. Kd1 Kg2 62. Rg7+ Kf1 63. Rf7 f2 64. Rg7
Rb1+ 65. Kd2 Rb3 66. Rg8 Rh3 67. Rg7 Rh2 68. Rg8 Rg2 69. Rh8 Kg1 0-1

[Event "Roskilde Domkirketurnering Mester 1995"]
[Site "Roskilde"]
[Date "1995.12.07"]
[Round "7"]
[White "Brekka, Hanus"]
[Black "Petersen, Peter Birk"]
[Result "1/2-1/2"]
[WhiteElo "1944"]
[BlackElo "2212"]
[PlyCount "52"]
[EventDate "1995.??.??"]

1. Nc3 c5 2. e4 e6 3. Nf3 Nc6 4. g3 Nf6 5. Bg2 d6 6. O-O Be7 7. d4 cxd4 8. Nxd4
O-O 9. Be3 Bd7 10. Qe2 a6 11. Rfd1 Qc7 12. a3 Ne5 13. Nb1 Nc4 14. Bc1 Rac8 15.
c3 Rfe8 16. Nd2 Na5 17. Qf3 Nc6 18. Nxc6 Bxc6 19. Qe3 b5 20. Nb3 Ng4 21. Qe2
Ne5 22. Nd4 Bd7 23. Nf3 Nc4 24. Bf4 e5 25. Bg5 f6 26. Bc1 Be6 1/2-1/2

[Event "Roskilde Domkirketurnering Mester 1995"]
[Site "Roskilde"]
[Date "1995.12.07"]
[Round "7"]
[White "Brinck Claussen, Bjorn"]
[Black "Petersen, Steen Brustrup"]
[Result "1-0"]
[WhiteElo "2385"]
[BlackElo "2063"]
[PlyCount "93"]
[EventDate "1995.??.??"]

1. e4 c5 2. Nf3 d6 3. d4 cxd4 4. Nxd4 Nf6 5. Nc3 g6 6. Be3 Bg7 7. f3 O-O 8. Bc4
Nc6 9. Qd2 Bd7 10. h4 Ne5 11. Bb3 Qa5 12. O-O-O Rfc8 13. Kb1 b5 14. Ncxb5 Qxd2
15. Bxd2 Rab8 16. Nc3 a5 17. a4 Nc4 18. Bc1 Nb6 19. Ndb5 Bxb5 20. Nxb5 Nbd7 21.
Be3 Nc5 22. Bxc5 Rxc5 23. h5 Nd7 24. h6 Bf6 25. f4 Nb6 26. Rh3 Nc4 27. c3 Kf8
28. Ka2 Nb6 29. Re3 Nc4 30. Red3 Ke8 31. Re1 Nb6 32. Re2 Nc8 33. g4 g5 34. e5
dxe5 35. fxe5 Bxe5 36. Bd5 Bf6 37. Be4 e6 38. Rf3 Bh8 39. Bxh7 Rc4 40. Re4 Rxe4
41. Bxe4 Ke7 42. b4 Nb6 43. Na7 Kd6 44. Kb3 Ke5 45. Bd3 Rb7 46. Nc6+ Kd6 47.
Nd8 1-0

[Event "Roskilde Domkirketurnering Mester 1995"]
[Site "Roskilde"]
[Date "1995.12.07"]
[Round "7"]
[White "Pedersen, Jan Nordenbaek"]
[Black "Nielsen, Jorgen Lovgren"]
[Result "1-0"]
[WhiteElo "2218"]
[BlackElo "2111"]
[PlyCount "109"]
[EventDate "1995.??.??"]

1. e4 e5 2. Nf3 Nc6 3. Bc4 Nf6 4. Ng5 d5 5. exd5 Na5 6. Bb5+ c6 7. dxc6 bxc6 8.
Qf3 Bb7 9. Bd3 Be7 10. O-O O-O 11. Nc3 h6 12. Nge4 Nd7 13. Ng3 g6 14. Nf5 gxf5
15. Qxf5 Nf6 16. Ne4 Nh7 17. Ng3 Ng5 18. h4 Bc8 19. Qxe5 Bd6 20. Qc3 Bxg3 21.
fxg3 Nh7 22. b4 Nb7 23. Bb2 f6 24. Qc4+ Qd5 25. Qf4 Kg7 26. c4 Qxd3 27. Rae1
Qd6 28. Qf3 Be6 29. Re4 Rae8 30. Rf4 Bd7 31. d4 Nd8 32. d5 cxd5 33. cxd5 Qe7
34. Bd4 Rf7 35. Qc3 Bb5 36. Rc1 Qb7 37. Qf3 Be2 38. Qb3 Rd7 39. Rc5 Bh5 40. g4
Bf7 41. g5 Bxd5 42. Qg3 Ne6 43. gxf6+ Kf7 44. Rg4 Rf8 45. Qe5 Rg8 46. Qh5+ Kf8
47. Qxh6+ Ng7 48. fxg7+ Ke8 49. Qxh7 Re7 50. Qg6+ Kd7 51. Qg5 Bf7 52. Be5 Ke8
53. Rd4 Qa6 54. Rd6 Rxe5 55. Rd8# 1-0